00725cam a22002177a 4500001000500000005001700005020001800022040002300040050001300063082001100076100001700087245006400104250004400168260003400212300005600246505000800302520012200310521002100432521002000453650003400473257820250826102227.0 z9780590697811 aUUCcUUCdDLCbeng00aQL666.C504a597.921 aArnosky, Jim10aAll about turtles /cwritten and illustrated by Jim Arnosky aThis edition first printing, April 2008 aNew York :bScholastic,c2000 a25 unnumbered pages :bcolor illustrations ;c20 cm aU  aDescribes the physical characteristics, behavior, and survival techniques of different kinds of land and sea turtles. a840 bLexile  aU bRaz-Plus  0aTurtlesvJuvenile literature.